| 000 | 00000nam 2200000zi 4500 |
| 001 | 9.939989 |
| 003 | CaOODSP |
| 005 | 20241205113944 |
| 006 | m o d f |
| 007 | cr bn||||||||| |
| 008 | 240628e198712##onca ob f000 0 eng d |
| 020 | |a0662155610 |q(print) |
| 040 | |aCaOODSP|beng|erda|cCaOODSP |
| 041 | 0 |aeng|beng|bfre |
| 043 | |an-cn--- |
| 045 | |ax7x8 |
| 086 | 1 |aEn49-9/0-1-1E-PDF|zEn49-11/1-1E |
| 100 | 1 |aGeadah, Marie-Louise, |eauthor. |
| 245 | 10|aEnvironmental status report for the Canadian petroleum refining industry 1983-1984 / |cby Marie-Louise Geadah. |
| 264 | 1|a[Ottawa] : |bEnvironment Canada = Environnement Canada, |cDecember 1987. |
| 264 | 4|c©1987 |
| 300 | |a1 online resource (xxiv, 151 pages) : |billustrations. |
| 336 | |atext|btxt|2rdacontent |
| 337 | |acomputer|bc|2rdamedia |
| 338 | |aonline resource|bcr|2rdacarrier |
| 490 | 1 |aEnvironmental protection series reports |
| 500 | |a"Report EPS 1/PN/1." |
| 500 | |aDigitized edition from print [produced by Environment and Climate Change Canada]. |
| 504 | |aIncludes bibliographical references (pages 130-132). |
| 546 | |aIncludes abstracts in English and French. |
| 650 | 0|aPetroleum refineries|xWaste disposal|xEnvironmental aspects|zCanada. |
| 650 | 0|aPetroleum industry and trade|xWaste disposal|xEnvironmental aspects|zCanada. |
| 650 | 6|aPétrole|xRaffineries|xDéchets|xÉlimination|xAspect de l'environnement|zCanada. |
| 650 | 6|aPétrole|xIndustrie et commerce|xDéchets|xÉlimination|xAspect de l'environnement|zCanada. |
| 710 | 1 |aCanada. |bEnvironment Canada, |eissuing body. |
| 710 | 1 |aCanada. |bEnvironmental Protection Directorate. |bIndustrial Programs Branch, |eissuing body. |
| 830 | #0|aEnvironmental protection series reports.|w(CaOODSP)9.851520 |
| 856 | 40|qPDF|s6.17 MB|uhttps://publications.gc.ca/collections/collection_2024/eccc/en49/En49-9-0-1-1-eng.pdf |